000 00714nam a2200169 a 4500
001 000038630
005 20201002031320.0
008 130416s2012 dr ac 000 0 spa d
040 _aDO-SdBNP
_bspa
_cBNPHU
110 1 _aRepública Dominicana.
_bMinisterio de Educación Superior, Ciencia y Tecnología
_956809
245 1 0 _aPrograma nacional de emprendurismo /
_cpresentación Ligia Amada Melo de Cardona.
260 _aSanto Domingo :
_bMinisterio de Educación Superior, Ciencia y Tecnología MESCyT,
_c2012.
300 _a93 p. :
_bil., retrs. ;
_c29 cm.
490 1 _aCiencia y tecnológia
_aemprendurismo
_v1
700 1 _aMelo de Cardona, Amada
_964962
830 0 _aCiencia y tecnológia
_aemprendurismo
_v1
_964963
999 _c38120
_d38120